[Event "7MCR_4D_1L_1S"]
[Site "?"]
[Date "2006.??.??"]
[Round "?"]
[White "Hala, Martin"]
[Black "Leiner, Raimund"]
[Result "0-1"]
[WhiteElo "2368"]
[BlackElo "2317"]
[PlyCount "62"]
[EventDate "2006.??.??"]
[EventType "corr"]

1. e4 c5 2. Nf3 d6 3. d4 cxd4 4. Nxd4 Nf6 5. Nc3 a6 6. Bg5 e6 7. f4 Qb6 8. Qd2
Qxb2 9. Nb3 Qa3 10. Bxf6 gxf6 11. Be2 Nc6 12. O-O Bd7 13. Kh1 Rc8 14. Nd1 Be7
15. Ne3 b5 16. c4 Qb4 17. Qd3 Na5 18. Nxa5 Qxa5 19. Qd4 h5 20. Rfb1 h4 21. cxb5
axb5 22. Ng4 e5 23. Qb2 Kf8 24. Ne3 h3 25. g3 Qb6 26. Qd2 f5 27. Bf3 fxe4 28.
Bxe4 Qd4 29. Qxd4 exd4 30. Nf5 Bf6 31. Rb3 Rc5 0-1

[Event "7MCR_4D_1L_1S"]
[Site "?"]
[Date "2006.??.??"]
[Round "?"]
[White "Hala, Martin"]
[Black "Lounek, Jan"]
[Result "0-1"]
[WhiteElo "2368"]
[BlackElo "2422"]
[PlyCount "62"]
[EventDate "2006.??.??"]
[EventType "corr"]

1. e4 c5 2. Nf3 d6 3. d4 cxd4 4. Nxd4 Nf6 5. Nc3 a6 6. Bg5 e6 7. f4 Qb6 8. Qd2
Qxb2 9. Nb3 Qa3 10. Bxf6 gxf6 11. Be2 Nc6 12. O-O Bd7 13. Kh1 h5 14. Nd1 h4 15.
Ne3 h3 16. g3 Qb4 17. Qd3 Na5 18. c3 Qa3 19. c4 Bg7 20. Bf3 Rd8 21. Qc3 b6 22.
Rfd1 Rc8 23. Qd4 Rc6 24. Kg1 Qa4 25. Qd2 Nxc4 26. Nxc4 Rxc4 27. Qxd6 Qc6 28.
Rd2 Bf8 29. Qb8+ Bc8 30. Be2 Rc3 31. Rad1 Be7 0-1

[Event "7MCR_4D_1L_1S"]
[Site "?"]
[Date "2006.??.??"]
[Round "?"]
[White "Hala, Martin"]
[Black "Mateka, Petr"]
[Result "0-1"]
[WhiteElo "2368"]
[BlackElo "2202"]
[PlyCount "92"]
[EventDate "2006.??.??"]
[EventType "corr"]

1. e4 e5 2. Nf3 Nc6 3. Bb5 a6 4. Ba4 Nf6 5. O-O Be7 6. Re1 b5 7. Bb3 O-O 8. c3
d6 9. h3 Na5 10. Bc2 c5 11. d4 Qc7 12. Nbd2 Nc6 13. d5 Na5 14. b3 Bd7 15. Nf1
Nb7 16. Ng3 Rfb8 17. Nf5 Bxf5 18. exf5 c4 19. b4 a5 20. a3 Qd8 21. Bb2 Rc8 22.
Qd2 h6 23. Rad1 axb4 24. axb4 Ra7 25. Qe2 Rca8 26. Bb1 Qc7 27. Nh2 Nd7 28. Qh5
Nf6 29. Qf3 Nd7 30. Ng4 Qd8 31. f6 Nxf6 32. Bc1 Nxg4 33. Qxg4 Bg5 34. f4 Bf6
35. fxe5 dxe5 36. Bxh6 Nd6 37. Bd2 Qd7 38. Qf3 Re8 39. Re2 Ra3 40. Rde1 Rb3 41.
Rf1 Rb2 42. Be4 Rd8 43. Bb1 e4 44. Bxe4 Nxe4 45. Qxe4 Qxd5 46. Be1 Qxe4 0-1

[Event "7MCR_4D_1L_1S"]
[Site "?"]
[Date "2006.??.??"]
[Round "?"]
[White "Hala, Martin"]
[Black "Nedoma, Petr"]
[Result "1-0"]
[WhiteElo "2368"]
[BlackElo "2298"]
[PlyCount "70"]
[EventDate "2006.??.??"]
[EventType "corr"]

1. e4 c6 2. d4 d5 3. exd5 cxd5 4. c3 Qc7 5. Nf3 Nc6 6. Na3 Bg4 7. h3 Bh5 8. Nb5
Qd8 9. g4 Bg6 10. Ne5 a6 11. h4 f6 12. Nxc6 bxc6 13. h5 Be4 14. f3 Bxf3 15.
Qxf3 axb5 16. g5 e5 17. dxe5 Qe7 18. Kd1 fxe5 19. Bh3 Qf7 20. Qg4 Bc5 21. Rf1
Qe7 22. Kc2 b4 23. Bd2 Bd6 24. cxb4 Rd8 25. Rae1 e4 26. h6 g6 27. Bc3 Be5 28.
Rxe4 Nxh6 29. gxh6 dxe4 30. Qxe4 Rd5 31. Qg4 Qd6 32. Qc8+ Ke7 33. Qb7+ Ke8 34.
Qa8+ Ke7 35. Qa7+ Qc7 1-0

[Event "7MCR_4D_1L_1S"]
[Site "?"]
[Date "2006.??.??"]
[Round "?"]
[White "Hala, Martin"]
[Black "Nejtek, Jiri"]
[Result "0-1"]
[WhiteElo "2368"]
[BlackElo "2360"]
[PlyCount "48"]
[EventDate "2006.??.??"]
[EventType "corr"]

1. e4 c5 2. Nf3 d6 3. d4 cxd4 4. Nxd4 Nf6 5. Nc3 a6 6. Bg5 e6 7. f4 Qb6 8. Qd2
Qxb2 9. Nb3 Qa3 10. Bxf6 gxf6 11. Be2 Nc6 12. O-O Bd7 13. Kh1 h5 14. Nd1 Rc8
15. Rf3 h4 16. Ne3 Qb4 17. c3 Qxe4 18. Bd3 Qa4 19. Nc4 Ne5 20. fxe5 Rxc4 21.
Bxc4 Qxc4 22. exd6 h3 23. Rd1 Qg4 24. Kg1 Bh6 0-1

[Event "7MCR_4D_1L_1S"]
[Site "?"]
[Date "2006.??.??"]
[Round "?"]
[White "Hala, Martin"]
[Black "Pecka, Josef"]
[Result "1/2-1/2"]
[WhiteElo "2368"]
[BlackElo "2261"]
[PlyCount "50"]
[EventDate "2006.??.??"]
[EventType "corr"]

1. e4 e6 2. d4 d5 3. Nc3 Bb4 4. e5 c5 5. a3 Ba5 6. b4 cxd4 7. Qg4 Ne7 8. bxa5
dxc3 9. Qxg7 Rg8 10. Qxh7 Nbc6 11. Nf3 Qc7 12. Bf4 Bd7 13. a6 b6 14. Bd3 f5 15.
Bg5 Rxg5 16. Nxg5 Qxe5+ 17. Be2 Qf6 18. h4 O-O-O 19. Qf7 Qh8 20. Rh3 Re8 21.
Qh5 Qf6 22. Qf7 Qh8 23. Qh5 Qf6 24. Qf7 Qh6 25. Qh7 Qf6 1/2-1/2

[Event "7MCR_4D_1L_1S"]
[Site "?"]
[Date "2006.??.??"]
[Round "?"]
[White "Hala, Martin"]
[Black "Zimniok, Lubomir"]
[Result "1/2-1/2"]
[WhiteElo "2368"]
[BlackElo "2200"]
[PlyCount "97"]
[EventDate "2006.??.??"]
[EventType "corr"]

1. e4 c5 2. Nf3 d6 3. d4 cxd4 4. Nxd4 Nf6 5. Nc3 a6 6. Bg5 e6 7. f4 Be7 8. Qf3
h6 9. Bh4 Qc7 10. O-O-O Nbd7 11. f5 e5 12. Nde2 b5 13. Bxf6 Nxf6 14. g4 b4 15.
Nd5 Nxd5 16. exd5 Bb7 17. Qe4 Rc8 18. Kb1 h5 19. g5 Bxg5 20. h4 Bf6 21. Ng3 Qa5
22. Bc4 Kf8 23. Rh2 Qc5 24. Be2 a5 25. Rh3 Rh6 26. Nxh5 Qf2 27. Nxf6 Rxf6 28.
Rf3 Qh2 29. Rff1 Rc5 30. h5 Bc8 31. Rc1 Bd7 32. Qg4 Rxd5 33. Bd3 Rd4 34. Qf3 d5
35. Qe3 Rb6 36. Rf3 Rf6 37. Rcf1 Rxd3 38. cxd3 d4 39. Qe1 Bb5 40. a4 bxa3 41.
R1f2 Qxh5 42. Qxe5 Qh1+ 43. Ka2 axb2 44. Qb8+ Be8 45. Qxb2 Rc6 46. f6 Qd1 47.
Qxd4 Bd7 48. fxg7+ Kg8 49. Rf6 1/2-1/2

[Event "7MCR_4D_1L_1S"]
[Site "?"]
[Date "2006.??.??"]
[Round "?"]
[White "Hostinsky, Jiri"]
[Black "Hala, Martin"]
[Result "1/2-1/2"]
[WhiteElo "2403"]
[BlackElo "2368"]
[PlyCount "91"]
[EventDate "2006.??.??"]
[EventType "corr"]

1. e4 e5 2. Nf3 Nc6 3. d4 exd4 4. Nxd4 Nf6 5. Nxc6 bxc6 6. e5 Qe7 7. Qe2 Nd5 8.
c4 Ba6 9. b3 O-O-O 10. Bb2 f6 11. Qe4 Nb6 12. f4 Bb7 13. Bd3 c5 14. Qe2 fxe5
15. fxe5 g6 16. Nd2 Bg7 17. O-O Rhe8 18. Rae1 d6 19. Be4 Bxe4 20. Qxe4 Kb8 21.
Nf3 Nd7 22. b4 cxb4 23. Nd4 Nxe5 24. Qd5 Qd7 25. Rxe5 Bxe5 26. Nc6+ Qxc6 27.
Qxc6 Bxb2 28. Qb5+ Kc8 29. Qxb4 Bd4+ 30. Kh1 Re7 31. Qb5 Rde8 32. h4 Re4 33. g3
Re2 34. a4 Re1 35. Rxe1 Rxe1+ 36. Kg2 Bc5 37. a5 Re5 38. a6 Re3 39. Qc6 Kd8 40.
Qd5 Re7 41. Kf3 Bb6 42. g4 Kd7 43. h5 gxh5 44. gxh5 Bc5 45. Kg4 Re5 46. Qg8
1/2-1/2

[Event "7MCR_4D_1L_1S"]
[Site "?"]
[Date "2006.??.??"]
[Round "?"]
[White "Hostinsky, Jiri"]
[Black "Hybl, Vladislav"]
[Result "1/2-1/2"]
[WhiteElo "2403"]
[BlackElo "2303"]
[PlyCount "99"]
[EventDate "2006.??.??"]
[EventType "corr"]

1. e4 e6 2. d4 d5 3. Nc3 Nf6 4. Bg5 dxe4 5. Nxe4 Be7 6. Bxf6 Bxf6 7. Nf3 O-O 8.
Qd2 Nd7 9. O-O-O b6 10. Bc4 Bb7 11. Rhe1 Bd5 12. Bd3 c5 13. c4 Bb7 14. dxc5 Qc7
15. cxb6 axb6 16. Kb1 Rfd8 17. Nxf6+ Nxf6 18. Qe2 Bxf3 19. Qxf3 Qxh2 20. g3 Qh5
21. Qxh5 Nxh5 22. Be4 Rab8 23. Bf3 Nf6 24. b4 Kf8 25. Kc2 Ke7 26. a4 Rxd1 27.
Rxd1 Nd7 28. Kc3 f5 29. Bg2 h5 30. Ra1 e5 31. a5 bxa5 32. bxa5 e4 33. a6 Ra8
34. a7 Ne5 35. Ra6 Kd7 36. Bh3 g6 37. Kd4 Nc6+ 38. Kc5 Ne7 39. Kb5 Kc7 40. c5
Kd8 41. Bg2 Nc8 42. Rxg6 Rxa7 43. Bh3 Ne7 44. Rf6 Ra2 45. Bxf5 Rb2+ 46. Kc4
Rxf2 47. Rd6+ Kc7 48. Bxe4 h4 49. gxh4 Rf4 50. Kd3 1/2-1/2

[Event "7MCR_4D_1L_1S"]
[Site "?"]
[Date "2006.??.??"]
[Round "?"]
[White "Hostinsky, Jiri"]
[Black "Mezera, Lukas"]
[Result "0-1"]
[WhiteElo "2403"]
[BlackElo "2284"]
[PlyCount "48"]
[EventDate "2006.??.??"]
[EventType "corr"]

1. e4 c5 2. Nf3 d6 3. d4 cxd4 4. Nxd4 Nf6 5. Nc3 a6 6. Be3 e5 7. Nb3 Be6 8. f3
Be7 9. Qd2 O-O 10. O-O-O Nbd7 11. g4 b5 12. g5 b4 13. Ne2 Ne8 14. f4 a5 15. f5
a4 16. Nbd4 exd4 17. Nxd4 b3 18. Kb1 bxc2+ 19. Nxc2 Bb3 20. axb3 axb3 21. Na3
Ne5 22. h4 Ra5 23. Qc3 Qa8 24. Bg2 Nc7 0-1

[Event "7MCR_4D_1L_1S"]
[Site "?"]
[Date "2006.??.??"]
[Round "?"]
[White "Hostinsky, Jiri"]
[Black "Necesany, Zdenek"]
[Result "1-0"]
[WhiteElo "2403"]
[BlackElo "2190"]
[PlyCount "69"]
[EventDate "2006.??.??"]
[EventType "corr"]

1. e4 e5 2. Nf3 Nc6 3. d4 exd4 4. Nxd4 Nf6 5. Nxc6 bxc6 6. e5 Qe7 7. Qe2 Nd5 8.
c4 Nb6 9. g3 g6 10. b3 Bg7 11. f4 Bb7 12. Bg2 O-O 13. Ba3 d6 14. Nc3 Rfe8 15.
O-O f6 16. c5 fxe5 17. cxb6 axb6 18. Bxc6 Bxc6 19. Qc4+ Kh8 20. Qxc6 Rxa3 21.
Nd5 Qd8 22. Nxc7 Re7 23. Nb5 Ra5 24. b4 Ra4 25. f5 Bh6 26. f6 Rd7 27. f7 Ra8
28. Qd5 Bf8 29. Rae1 Rc8 30. Nd4 Qc7 31. Re2 Rb8 32. Nc6 Rb7 33. Ref2 Kg7 34.
b5 Qc8 35. Qe6 1-0

[Event "7MCR_4D_1L_1S"]
[Site "?"]
[Date "2006.??.??"]
[Round "?"]
[White "Hostinsky, Jiri"]
[Black "Pytlik, Lesek"]
[Result "1-0"]
[WhiteElo "2403"]
[BlackElo "2387"]
[PlyCount "115"]
[EventDate "2006.??.??"]
[EventType "corr"]

1. e4 d6 2. d4 Nf6 3. Nc3 g6 4. Be3 Bg7 5. Qd2 c6 6. Bh6 Bxh6 7. Qxh6 Qa5 8.
Bd3 c5 9. Nge2 cxd4 10. Nxd4 Nc6 11. Nb3 Qb6 12. O-O Be6 13. Bb5 O-O-O 14. Bxc6
bxc6 15. Qd2 h5 16. Nd4 h4 17. b4 h3 18. g3 Bc4 19. Rfb1 Rh5 20. a4 e5 21. Nf3
d5 22. Qe1 dxe4 23. a5 Qa6 24. Nd2 Rf5 25. b5 cxb5 26. Nxc4 bxc4 27. Nb5 Rd5
28. Qb4 Qxb5 29. Qxb5 Rxb5 30. Rxb5 Ng4 31. Rc5+ Kd7 32. Rd1+ Ke7 33. Rc7+ Kf6
34. Rf1 Rf3 35. Rxc4 Kf5 36. Rc8 Ra3 37. Rh8 Rxa5 38. Rxh3 Nf6 39. Rh8 Rc5 40.
Ra8 a5 41. Ra7 Ke6 42. Ra6+ Kf5 43. f4 Nd5 44. fxe5+ Kxe5 45. Rxf7 e3 46. h4
Rxc2 47. Rxa5 Rc1+ 48. Rf1 Rc2 49. Rf8 Rc1+ 50. Kg2 Rc2+ 51. Kh3 e2 52. Re8+
Kd4 53. Ra7 Rd2 54. Rd7 Kc4 55. Re4+ Kc5 56. Re5 Kc4 57. Rdxd5 Rxd5 58. Rxe2
1-0

[Event "7MCR_4D_1L_1S"]
[Site "?"]
[Date "2006.??.??"]
[Round "?"]
[White "Hostinsky, Jiri"]
[Black "Tomecek, Jan"]
[Result "1/2-1/2"]
[WhiteElo "2403"]
[BlackElo "2310"]
[PlyCount "62"]
[EventDate "2006.??.??"]
[EventType "corr"]

1. e4 c5 2. Nf3 Nc6 3. d4 cxd4 4. Nxd4 Nf6 5. Nc3 e5 6. Ndb5 d6 7. Bg5 a6 8.
Na3 b5 9. Nd5 Be7 10. Bxf6 Bxf6 11. c3 Ne7 12. Nxf6+ gxf6 13. Nc2 Bb7 14. Bd3
d5 15. exd5 Qxd5 16. Ne3 Qe6 17. a4 Rd8 18. Qc2 e4 19. Be2 O-O 20. axb5 axb5
21. Bxb5 f5 22. Bc4 Qf6 23. Qb3 Bc6 24. O-O f4 25. Nc2 Ng6 26. Nd4 Nh4 27. Ra7
Kh8 28. Rxf7 Rxf7 29. Bxf7 Qg5 30. g3 e3 31. Qb6 exf2+ 1/2-1/2

[Event "7MCR_4D_1L_1S"]
[Site "?"]
[Date "2006.??.??"]
[Round "?"]
[White "Hostinsky, Jiri"]
[Black "Trs, Jan"]
[Result "1-0"]
[WhiteElo "2403"]
[BlackElo "2252"]
[PlyCount "41"]
[EventDate "2006.??.??"]
[EventType "corr"]

1. e4 c6 2. d4 d5 3. Nc3 dxe4 4. Nxe4 Nd7 5. Ng5 Ngf6 6. Bd3 g6 7. N1f3 Bg7 8.
Qe2 h6 9. Ne6 fxe6 10. Bxg6+ Kf8 11. O-O Nd5 12. c4 N5b6 13. a4 Nb8 14. Ne5 Kg8
15. Qf3 Bf6 16. Qg4 Bxe5 17. dxe5 Qf8 18. Ra3 Qg7 19. Rg3 Nd5 20. Bf7+ Kxf7 21.
Qxg7+ 1-0

[Event "7MCR_4D_1L_1S"]
[Site "?"]
[Date "2006.??.??"]
[Round "?"]
[White "Hybl, Vladislav"]
[Black "Hala, Martin"]
[Result "1/2-1/2"]
[WhiteElo "2303"]
[BlackElo "2368"]
[PlyCount "37"]
[EventDate "2006.??.??"]
[EventType "corr"]

1. d4 Nf6 2. c4 g6 3. Nc3 Bg7 4. e4 d6 5. Nf3 O-O 6. Be2 e5 7. O-O Nc6 8. d5
Ne7 9. b4 Nh5 10. Re1 f5 11. Ng5 Nf6 12. Bf3 c6 13. Be3 h6 14. Ne6 Bxe6 15.
dxe6 fxe4 16. Nxe4 Nxe4 17. Bxe4 d5 18. cxd5 cxd5 19. Bc2 1/2-1/2

[Event "7MCR_4D_1L_1S"]
[Site "?"]
[Date "2006.??.??"]
[Round "?"]
[White "Hybl, Vladislav"]
[Black "Leiner, Raimund"]
[Result "1/2-1/2"]
[WhiteElo "2303"]
[BlackElo "2317"]
[PlyCount "62"]
[EventDate "2006.??.??"]
[EventType "corr"]

1. d4 Nf6 2. c4 e6 3. Nc3 Bb4 4. e3 b6 5. Nge2 Ne4 6. Qc2 Bb7 7. a3 Bxc3+ 8.
Nxc3 Nxc3 9. Qxc3 O-O 10. b4 d6 11. Bb2 Nd7 12. c5 Bd5 13. c6 Nf6 14. f3 a5 15.
b5 a4 16. Bd3 Bb3 17. Qd2 d5 18. O-O Ne8 19. e4 Nd6 20. Bc3 Bc4 21. Bb4 Bxb5
22. Bxb5 Nxb5 23. Bxf8 Qxf8 24. Qd3 Nd6 25. e5 Nc4 26. f4 Qe8 27. f5 exf5 28.
Rxf5 Qxc6 29. Raf1 Rf8 30. R1f3 Qh6 31. R5f4 Qg6 1/2-1/2

[Event "7MCR_4D_1L_1S"]
[Site "?"]
[Date "2006.??.??"]
[Round "?"]
[White "Hybl, Vladislav"]
[Black "Lounek, Jan"]
[Result "1-0"]
[WhiteElo "2303"]
[BlackElo "2422"]
[PlyCount "131"]
[EventDate "2006.??.??"]
[EventType "corr"]

1. d4 d5 2. c4 c6 3. Nf3 Nf6 4. Nc3 dxc4 5. a4 Bf5 6. Ne5 Nbd7 7. Nxc4 Nb6 8.
Ne5 a5 9. g3 e6 10. Bg2 Bb4 11. O-O O-O 12. e3 h6 13. Qe2 Bh7 14. Rd1 Nfd7 15.
Nxd7 Nxd7 16. e4 Qe7 17. Be3 Rad8 18. d5 Bc5 19. dxc6 bxc6 20. Rac1 Bg6 21. Nb1
Bxe3 22. Qxe3 Qb4 23. Rd4 Qb8 24. Qc3 c5 25. Rd2 Nf6 26. f3 Qb4 27. Qxb4 cxb4
28. Kf2 Rc8 29. Rdd1 Rxc1 30. Rxc1 Nd7 31. Nd2 f5 32. Ke3 Rd8 33. Bf1 fxe4 34.
fxe4 Kf8 35. Be2 Nf6 36. Rc5 Ra8 37. b3 Ra7 38. Bf3 Nd7 39. Rb5 Rc7 40. Nc4 Be8
41. Bd1 Nc5 42. Rb8 Nd7 43. Ra8 Ke7 44. Rxa5 Nc5 45. Kd4 Nxa4 46. bxa4 Rd7+ 47.
Kc5 Rxd1 48. Ra7+ Kf6 49. e5+ Kg6 50. Kxb4 Bc6 51. a5 Bd5 52. Ne3 Rb1+ 53. Kc5
Rc1+ 54. Kd6 Rc6+ 55. Kd7 Be4 56. Rc7 Ra6 57. Rc5 Bd3 58. Ke7 h5 59. h4 Kh6 60.
Ng2 Bf5 61. Nf4 g5 62. Ne2 Kg6 63. Nd4 Bh3 64. Kd7 gxh4 65. gxh4 Bg2 66. Nc2
1-0

[Event "7MCR_4D_1L_1S"]
[Site "?"]
[Date "2006.??.??"]
[Round "?"]
[White "Hybl, Vladislav"]
[Black "Mateka, Petr"]
[Result "1/2-1/2"]
[WhiteElo "2303"]
[BlackElo "2202"]
[PlyCount "48"]
[EventDate "2006.??.??"]
[EventType "corr"]

1. e4 e5 2. Nf3 Nc6 3. Bb5 a6 4. Ba4 Nf6 5. O-O Be7 6. Re1 b5 7. Bb3 O-O 8. h3
Bb7 9. d3 d6 10. a3 Qd7 11. Nc3 Nd8 12. d4 exd4 13. Nxd4 Re8 14. Nf5 Ne6 15.
Nxe7+ Rxe7 16. f3 Rd8 17. Bxe6 fxe6 18. e5 dxe5 19. Qxd7 Rexd7 20. Rxe5 Kf7 21.
Be3 h6 22. Kf2 Nd5 23. Nxd5 Rxd5 24. Rxd5 Bxd5 1/2-1/2

[Event "7MCR_4D_1L_1S"]
[Site "?"]
[Date "2006.??.??"]
[Round "?"]
[White "Hybl, Vladislav"]
[Black "Nedoma, Petr"]
[Result "1/2-1/2"]
[WhiteElo "2303"]
[BlackElo "2298"]
[PlyCount "84"]
[EventDate "2006.??.??"]
[EventType "corr"]

1. e4 c6 2. d4 d5 3. e5 Bf5 4. Nf3 e6 5. Be2 c5 6. Be3 Qb6 7. c4 Qxb2 8. Nbd2
Ne7 9. O-O Bc2 10. Qc1 Qxc1 11. Rfxc1 Bg6 12. Nb3 Nd7 13. Nxc5 Nxc5 14. dxc5
dxc4 15. Rxc4 Nc6 16. Nh4 O-O-O 17. Nxg6 hxg6 18. Rb1 Rd7 19. f4 Be7 20. Bf3
Rhd8 21. Ra4 Rd3 22. Bxc6 bxc6 23. Kf2 Rc3 24. Rxa7 Bxc5 25. Bxc5 Rxc5 26. Rb2
g5 27. Rxf7 gxf4 28. Re2 Rdd5 29. Rxg7 Rxe5 30. Rxe5 Rxe5 31. Kf3 Rh5 32. h3 e5
33. a4 c5 34. a5 Kb8 35. a6 Rh6 36. a7+ Ka8 37. Rc7 Rg6 38. Rxc5 Rg3+ 39. Kf2
e4 40. Ra5 Rb3 41. Ra2 Rg3 42. h4 e3+ 1/2-1/2

[Event "7MCR_4D_1L_1S"]
[Site "?"]
[Date "2006.??.??"]
[Round "?"]
[White "Hybl, Vladislav"]
[Black "Pecka, Josef"]
[Result "1/2-1/2"]
[WhiteElo "2303"]
[BlackElo "2261"]
[PlyCount "84"]
[EventDate "2006.??.??"]
[EventType "corr"]

1. d4 Nf6 2. c4 e6 3. Nc3 Bb4 4. e3 c5 5. Bd3 O-O 6. Nf3 d5 7. O-O Nc6 8. a3
Bxc3 9. bxc3 Qc7 10. cxd5 exd5 11. a4 Re8 12. Ba3 c4 13. Bc2 Ne4 14. Bxe4 Rxe4
15. Nd2 Rh4 16. g3 Rh6 17. e4 Be6 18. Re1 Qd7 19. f3 f5 20. Qe2 Rg6 21. Qe3 Rf6
22. Re2 Rd8 23. Rae1 Qc7 24. Rb1 Ra8 25. Bd6 Qd7 26. e5 f4 27. gxf4 Rg6+ 28.
Rg2 Rxg2+ 29. Kxg2 b6 30. Nf1 Nd8 31. Rb5 Nf7 32. Ba3 Nh8 33. Ng3 Ng6 34. Kf2
Re8 35. f5 Bxf5 36. Rxd5 Qxd5 37. Nxf5 Qa5 38. Nd6 Re6 39. f4 Qxa4 40. f5 Rxd6
41. Bxd6 Qc2+ 42. Kg3 Qxf5 1/2-1/2

[Event "7MCR_4D_1L_1S"]
[Site "?"]
[Date "2006.??.??"]
[Round "?"]
[White "Hybl, Vladislav"]
[Black "Zimniok, Lubomir"]
[Result "0-1"]
[WhiteElo "2303"]
[BlackElo "2200"]
[PlyCount "46"]
[EventDate "2006.??.??"]
[EventType "corr"]

1. e4 e5 2. Nf3 Nc6 3. Bb5 Bc5 4. c3 Nf6 5. O-O O-O 6. d4 Bb6 7. Bg5 h6 8. Bh4
d6 9. Qd3 Bd7 10. Nbd2 a6 11. Bxc6 Bxc6 12. Rfe1 Re8 13. a4 Ba7 14. b4 Qe7 15.
b5 axb5 16. axb5 Bd7 17. h3 Bb6 18. Rab1 Be6 19. dxe5 dxe5 20. Nc4 Red8 21. Qe2
Bxc4 22. Qxc4 Qc5 23. Rb2 Qxc4 0-1

[Event "7MCR_4D_1L_1S"]
[Site "?"]
[Date "2006.??.??"]
[Round "?"]
[White "Leiner, Raimund"]
[Black "Hostinsky, Jiri"]
[Result "0-1"]
[WhiteElo "2317"]
[BlackElo "2403"]
[PlyCount "80"]
[EventDate "2006.??.??"]
[EventType "corr"]

1. d4 Nf6 2. c4 g6 3. Nc3 Bg7 4. e4 d6 5. Nf3 O-O 6. Be2 e5 7. O-O Nc6 8. d5
Ne7 9. Ne1 Nd7 10. Be3 f5 11. f3 f4 12. Bf2 g5 13. Rc1 Ng6 14. Nd3 Nf6 15. c5
Rf7 16. Kh1 h5 17. Qd2 g4 18. cxd6 cxd6 19. Nb5 g3 20. hxg3 a6 21. Nc3 fxg3 22.
Bxg3 h4 23. Bf2 Nh5 24. Kh2 Bd7 25. Rg1 Kh7 26. Be3 Ngf4 27. Bd1 Qg5 28. Ne2
Bb5 29. Nexf4 exf4 30. Bf2 Bxd3 31. Qxd3 Be5 32. Be2 Rg8 33. Rc2 Kh8 34. Bf1
Qg3+ 35. Kh1 Rh7 36. Bb6 Qg5 37. Kh2 Ng3 38. b4 Rhg7 39. Rc4 Qh5 40. a4 Kh7 0-1

[Event "7MCR_4D_1L_1S"]
[Site "?"]
[Date "2006.??.??"]
[Round "?"]
[White "Leiner, Raimund"]
[Black "Mezera, Lukas"]
[Result "1-0"]
[WhiteElo "2317"]
[BlackElo "2284"]
[PlyCount "71"]
[EventDate "2006.??.??"]
[EventType "corr"]

1. d4 Nf6 2. c4 c5 3. d5 b5 4. cxb5 a6 5. bxa6 g6 6. Nc3 Bxa6 7. e4 Bxf1 8.
Kxf1 d6 9. g3 Bg7 10. Kg2 O-O 11. Nf3 Nbd7 12. h3 Ra7 13. Re1 Qa8 14. Qc2 Rb8
15. b3 Ne8 16. Bb2 Nc7 17. a4 Qb7 18. Nd2 Ra6 19. Rab1 e6 20. dxe6 fxe6 21. Nd1
Bd4 22. Bxd4 cxd4 23. Qc4 Qb6 24. Rc1 Ra7 25. Nb2 Ne5 26. Qe2 Nd7 27. h4 Nc5
28. Nbc4 Qc6 29. h5 e5 30. hxg6 hxg6 31. Qg4 N7e6 32. Rh1 Rg7 33. Rh6 Qd7 34.
Qh4 Rf8 35. a5 Qe7 36. Rh8+ 1-0

[Event "7MCR_4D_1L_1S"]
[Site "?"]
[Date "2006.??.??"]
[Round "?"]
[White "Leiner, Raimund"]
[Black "Necesany, Zdenek"]
[Result "1-0"]
[WhiteElo "2317"]
[BlackElo "2190"]
[PlyCount "83"]
[EventDate "2006.??.??"]
[EventType "corr"]

1. e4 e5 2. Nf3 Nc6 3. Bb5 a6 4. Ba4 Nf6 5. O-O Be7 6. Re1 b5 7. Bb3 O-O 8. c3
d6 9. h3 Na5 10. Bc2 c5 11. d4 Qc7 12. Nbd2 cxd4 13. cxd4 Bb7 14. d5 Rac8 15.
Bd3 Nd7 16. Nf1 Nc4 17. Ng3 g6 18. b3 Ncb6 19. Bh6 Rfe8 20. Nh2 Nf6 21. Qf3 b4
22. a3 bxa3 23. Rxa3 Nbd7 24. b4 Rb8 25. Qe2 Ra8 26. Rea1 Rec8 27. Bxa6 Bxa6
28. Rxa6 Rxa6 29. Rxa6 Qb7 30. Bd2 Rc7 31. Nf3 Nb6 32. Be3 Nc8 33. b5 Nd7 34.
Nd2 Nc5 35. Rc6 Na7 36. Bxc5 dxc5 37. Nc4 Nxc6 38. bxc6 Qa8 39. Qb2 f6 40. Ne2
Bd8 41. Qb5 Kg7 42. Kh2 1-0

[Event "7MCR_4D_1L_1S"]
[Site "?"]
[Date "2006.??.??"]
[Round "?"]
[White "Leiner, Raimund"]
[Black "Nedoma, Petr"]
[Result "1-0"]
[WhiteElo "2317"]
[BlackElo "2298"]
[PlyCount "87"]
[EventDate "2006.??.??"]
[EventType "corr"]

1. e4 c6 2. d4 d5 3. Nc3 dxe4 4. Nxe4 Bf5 5. Ng3 Bg6 6. h4 h6 7. Nf3 Nf6 8. Ne5
Bh7 9. Bd3 Bxd3 10. Qxd3 e6 11. Bd2 Nbd7 12. f4 c5 13. O-O-O cxd4 14. Ng6 Rg8
15. Nxf8 Nxf8 16. Rhe1 Qd7 17. Qa3 Nd5 18. Ne4 O-O-O 19. Qxa7 b6 20. Qa6+ Qb7
21. Qa3 Qc6 22. Bb4 Nxb4 23. Qxb4 f5 24. Nd2 g5 25. fxg5 hxg5 26. h5 Rd5 27.
Nf3 d3 28. Rxd3 Rxd3 29. Ne5 Qxg2 30. Nxd3 Qc6 31. Qe7 Qc7 32. Qe8+ Qd8 33.
Qc6+ Qc7 34. Rxe6 Qxc6 35. Rxc6+ Kd7 36. Ne5+ Ke7 37. Ng6+ Kd7 38. Rxb6 g4 39.
Kd2 Ne6 40. Ke1 Re8 41. Kf1 Kc7 42. Rb5 f4 43. Re5 f3 44. Nf4 1-0

[Event "7MCR_4D_1L_1S"]
[Site "?"]
[Date "2006.??.??"]
[Round "?"]
[White "Leiner, Raimund"]
[Black "Nejtek, Jiri"]
[Result "1/2-1/2"]
[WhiteElo "2317"]
[BlackElo "2360"]
[PlyCount "61"]
[EventDate "2006.??.??"]
[EventType "corr"]

1. e4 c5 2. Nf3 d6 3. d4 cxd4 4. Nxd4 Nf6 5. Nc3 a6 6. Be3 e5 7. Nb3 Be6 8. f3
Be7 9. Qd2 O-O 10. O-O-O Nbd7 11. g4 b5 12. Kb1 b4 13. Nd5 Bxd5 14. exd5 Nb6
15. Qxb4 Nbxd5 16. Qe1 Nxe3 17. Qxe3 Qc7 18. h4 d5 19. c3 Rfc8 20. g5 d4 21.
Qd3 dxc3 22. Rc1 Rd8 23. Qxc3 Qxc3 24. Rxc3 Nd5 25. Rc6 a5 26. Bc4 a4 27. Nc1
Ne3 28. Re1 Nxc4 29. Rxc4 f6 30. f4 Bd6 31. gxf6 1/2-1/2

[Event "7MCR_4D_1L_1S"]
[Site "?"]
[Date "2006.??.??"]
[Round "?"]
[White "Leiner, Raimund"]
[Black "Pecka, Josef"]
[Result "1/2-1/2"]
[WhiteElo "2317"]
[BlackElo "2261"]
[PlyCount "43"]
[EventDate "2006.??.??"]
[EventType "corr"]

1. e4 e6 2. d4 d5 3. Nd2 Nf6 4. e5 Nfd7 5. f4 c5 6. c3 Nc6 7. Ndf3 Qb6 8. g3
cxd4 9. cxd4 Bb4+ 10. Kf2 a5 11. Ne2 O-O 12. Nc3 Be7 13. Bd3 f6 14. Kg2 Qd8 15.
exf6 Nxf6 16. Re1 Bd7 17. a3 Rc8 18. Be3 Ng4 19. Qb1 Nxe3+ 20. Rxe3 g6 21. Bxg6
hxg6 22. Qxg6+ 1/2-1/2

[Event "7MCR_4D_1L_1S"]
[Site "?"]
[Date "2006.??.??"]
[Round "?"]
[White "Leiner, Raimund"]
[Black "Zimniok, Lubomir"]
[Result "1-0"]
[WhiteElo "2317"]
[BlackElo "2200"]
[PlyCount "40"]
[EventDate "2006.??.??"]
[EventType "corr"]

1. d4 f5 2. g3 Nf6 3. Bg2 g6 4. Nf3 Bg7 5. O-O O-O 6. c4 d6 7. Nc3 c6 8. d5 e5
9. e4 cxd5 10. cxd5 Na6 11. exf5 Bxf5 12. Ng5 Qb6 13. Ne6 Rf7 14. Qe2 Nb4 15.
Be3 Qa5 16. Rad1 Rc8 17. h3 Rxc3 18. bxc3 Nbxd5 19. Nxg7 Kxg7 20. Qd2 Nxe3 1-0

[Event "7MCR_4D_1L_1S"]
[Site "?"]
[Date "2006.??.??"]
[Round "?"]
[White "Lounek, Jan"]
[Black "Hostinsky, Jiri"]
[Result "1/2-1/2"]
[WhiteElo "2422"]
[BlackElo "2403"]
[PlyCount "88"]
[EventDate "2006.??.??"]
[EventType "corr"]

1. e4 c5 2. Nf3 Nc6 3. d4 cxd4 4. Nxd4 Nf6 5. Nc3 d6 6. Bg5 e6 7. Qd2 Be7 8.
O-O-O O-O 9. f4 Nxd4 10. Qxd4 Qa5 11. Bc4 Bd7 12. e5 dxe5 13. fxe5 Bc6 14. Bd2
Nd7 15. Nd5 Qd8 16. Nxe7+ Qxe7 17. Rhe1 Rfd8 18. Qg4 Nf8 19. Bd3 Rd5 20. Bb4
Qd8 21. Bd6 Ng6 22. Kb1 f5 23. Qb4 Qh4 24. Bc4 a5 25. Qc3 Rxd1+ 26. Rxd1 Re8
27. Qb3 a4 28. Bxe6+ Kh8 29. Qc4 Qxc4 30. Bxc4 Nxe5 31. Bxe5 Rxe5 32. Rd8+ Re8
33. Rxe8+ Bxe8 34. Bd5 b6 35. c4 g5 36. Kc2 Kg7 37. Kc3 Kf6 38. Kd4 h5 39. b4
axb3 40. axb3 h4 41. b4 Bd7 42. b5 f4 43. c5 bxc5+ 44. Kxc5 Bxb5 1/2-1/2